[Event "Bucaramanga op"]
[Site "Bucaramanga"]
[Date "2023.09.06"]
[Round "1"]
[White "Kostov, Alex"]
[Black "Zuluaga Mancilla, Cesar"]
[Result "0-1"]
[WhiteElo "1850"]
[BlackElo "2246"]
[PlyCount "62"]
[EventDate "2023.09.06"]
[EventType "swiss"]
[EventRounds "9"]
[EventCountry "COL"]
[SourceTitle "EXT 2024"]
[Source "ChessBase"]
[SourceDate "2023.10.10"]
[SourceVersion "1"]
[SourceVersionDate "2023.10.10"]
[SourceQuality "1"]

1. e4 c5 2. c3 Nf6 3. e5 Nd5 4. Nf3 e6 5. d4 cxd4 6. Nxd4 a6 7. Bd3 d6 8. Qe2 dxe5 9. Qxe5 Nd7 10. Qg3 N7f6 11. 0-0 h5 12. Nd2 Bd6 13. Qf3 Ng4 14. g3 Ne5 15. Qe2 Nxd3 16. Qxd3 h4 17. Ne4 Be7 18. Qe2 Bd7 19. c4 Nf6 20. Ng5 hxg3 21. hxg3 Qb6 22. Be3 e5 23. Nf5 Qc6 24. Nh4 Ng4 25. b3 f6 26. Ngf3 Nxe3 27. Qxe3 Bc5 28. Qe2 0-0-0 29. Nd2 g5 30. Ng2 Bh3 31. Nf3 Bxg2 0-1

[Event "Rivera Huila Hernandez Memorial-B"]
[Site "Rivera Huila"]
[Date "2023.07.21"]
[Round "3"]
[White "Sanchez Riobo, Emily Dainne"]
[Black "Kostov, Alex"]
[Result "1-0"]
[WhiteElo "1388"]
[BlackElo "1989"]
[PlyCount "47"]
[EventDate "2023.07.20"]
[EventType "swiss"]
[EventRounds "7"]
[EventCountry "COL"]
[SourceTitle "CBM 215 Extra"]
[Source "ChessBase"]
[SourceDate "2023.09.30"]
[SourceVersion "1"]
[SourceVersionDate "2023.09.30"]
[SourceQuality "1"]

1. d4 f5 2. c4 g6 3. Nf3 Bg7 4. g3 b6 5. Bg2 Bb7 6. 0-0 Nh6 7. Bf4 0-0 8. Nc3 Nf7 9. Nb5 d6 10. Qd2 Nd7 11. Rad1 a6 12. Nc3 Qc8 13. d5 Re8 14. e4 fxe4 15. Nxe4 e5 16. dxe6 Rxe6 17. Nfg5 Nxg5 18. Nxg5 Re7 19. Bd5+ Kf8 20. Nxh7+ Ke8 21. Bg5 Bc3 22. Qxc3 Rxh7 23. Rfe1+ Kf8 24. Qf3+ 1-0

[Event "Rivera Huila Hernandez Memorial-B"]
[Site "Rivera Huila"]
[Date "2023.07.20"]
[Round "1"]
[White "Parra Pino, Jesus David"]
[Black "Kostov, Alex"]
[Result "0-1"]
[WhiteElo "1365"]
[BlackElo "1989"]
[PlyCount "46"]
[EventDate "2023.07.20"]
[EventType "swiss"]
[EventRounds "7"]
[EventCountry "COL"]
[SourceTitle "CBM 215 Extra"]
[Source "ChessBase"]
[SourceDate "2023.09.30"]
[SourceVersion "1"]
[SourceVersionDate "2023.09.30"]
[SourceQuality "1"]

1. e4 e5 2. Nf3 Nc6 3. Bc4 Be7 4. c3 Nf6 5. d3 0-0 6. Nbd2 d5 7. exd5 Nxd5 8. 0-0 Bf5 9. Ne4 Re8 10. Neg5 Bg6 11. Re1 Bf6 12. b4 Nb6 13. Bb3 Qd7 14. a4 Rad8 15. a5 Nd5 16. b5 Nb8 17. Bb2 Nf4 18. Qb1 Qg4 19. g3 Bxg5 20. Nxe5 Qh3 21. gxf4 Bxf4 22. f3 Bxh2+ 23. Kf2 Bg3+ 0-1

[Event "Sabaneta op-B 2nd"]
[Site "Sabaneta Antioquia"]
[Date "2023.06.28"]
[Round "1"]
[White "Betancur Alvarez, Sara Maria"]
[Black "Kostov, Alex"]
[Result "0-1"]
[WhiteElo "1314"]
[BlackElo "1989"]
[PlyCount "52"]
[EventDate "2023.06.28"]
[EventType "swiss"]
[EventRounds "9"]
[EventCountry "COL"]
[SourceTitle "EXT 2024"]
[Source "ChessBase"]
[SourceDate "2023.10.10"]
[SourceVersion "1"]
[SourceVersionDate "2023.10.10"]
[SourceQuality "1"]

1. e4 e5 2. Nf3 Nc6 3. Bc4 Nf6 4. d3 Bc5 5. Nc3 h6 6. h3 a6 7. a3 d6 8. Be3 Ba7 9. Qd2 Ne7 10. Bxa7 Rxa7 11. 0-0 0-0 12. Nh2 Ng6 13. Ne2 b5 14. Ba2 Nh5 15. d4 Nhf4 16. Nxf4 Nxf4 17. Nf3 Qf6 18. dxe5 dxe5 19. Qe3 Rb7 20. Kh2 Rb6 21. Qc5 Re8 22. Qxc7 Rc6 23. Qa5 Nxg2 24. Rg1 Qxf3 25. Rxg2 Qxh3+ 26. Kg1 Bg4 0-1

[Event "Bogota El Tablazo op-A"]
[Site "Bogota"]
[Date "2022.06.25"]
[Round "6"]
[White "Kostov, Alex"]
[Black "Mena Ardila, Alexander"]
[Result "0-1"]
[WhiteElo "2071"]
[BlackElo "1934"]
[PlyCount "67"]
[EventDate "2022.06.23"]
[EventType "swiss"]
[EventRounds "10"]
[EventCountry "COL"]
[SourceTitle "EXT 2023"]
[Source "ChessBase"]
[SourceDate "2022.10.05"]
[SourceVersion "1"]
[SourceVersionDate "2022.10.05"]
[SourceQuality "1"]

1. e4 e5 2. Nf3 Nf6 3. Nxe5 Nxe4 4. d4 d6 5. Nf3 d5 6. Bd3 Bd6 7. 0-0 0-0 8. Re1 Re8 9. Nbd2 Bf5 10. Nf1 Nd7 11. c3 c6 12. Ng3 Bg6 13. Qc2 Ndf6 14. a4 Qc7 15. b4 Re7 16. Ba3 Rae8 17. Nh4 Nxg3 18. Rxe7 Qxe7 19. hxg3 Bxd3 20. Qxd3 g6 21. Nf3 a5 22. Qd2 Kg7 23. Qb2 Qe2 24. Qb3 Ng4 25. Qa2 Qd3 26. bxa5 Re2 27. Qb3 Bxa3 28. Qxa3 Rxf2 29. Qe7 Re2 30. Qg5 h5 31. Rf1 Rxg2+ 32. Kxg2 Ne3+ 33. Kf2 Nxf1 34. Qe5+ 0-1

[Event "Bogota El Tablazo op-A"]
[Site "Bogota"]
[Date "2022.06.24"]
[Round "4"]
[White "Kostov, Alex"]
[Black "Cuellar Canosa, Nicolas"]
[Result "0-1"]
[WhiteElo "2071"]
[BlackElo "1811"]
[PlyCount "32"]
[EventDate "2022.06.23"]
[EventType "swiss"]
[EventRounds "10"]
[EventCountry "COL"]
[SourceTitle "EXT 2023"]
[Source "ChessBase"]
[SourceDate "2022.10.05"]
[SourceVersion "1"]
[SourceVersionDate "2022.10.05"]
[SourceQuality "1"]

1. e4 d5 2. exd5 Nf6 3. Nf3 Nxd5 4. d4 Bf5 5. Bc4 e6 6. 0-0 Be7 7. c3 0-0 8. Re1 Nc6 9. Nbd2 Qd7 10. Ne4 a6 11. Qe2 Rfe8 12. Ng3 Bg6 13. Ne5 Nxe5 14. Qxe5 Bf6 15. Qe2 e5 16. Qf3 Nb6 0-1

[Event "Bogota El Tablazo op-A"]
[Site "Bogota"]
[Date "2022.06.23"]
[Round "1"]
[White "Estrella Becerra, Fernando"]
[Black "Kostov, Alex"]
[Result "0-1"]
[WhiteElo "1865"]
[BlackElo "2071"]
[PlyCount "52"]
[EventDate "2022.06.23"]
[EventType "swiss"]
[EventRounds "10"]
[EventCountry "COL"]
[SourceTitle "EXT 2023"]
[Source "ChessBase"]
[SourceDate "2022.10.05"]
[SourceVersion "1"]
[SourceVersionDate "2022.10.05"]
[SourceQuality "1"]

1. c4 Nf6 2. Nc3 b6 3. Nf3 Bb7 4. g3 g6 5. Bg2 Bg7 6. d4 d6 7. 0-0 0-0 8. b3 Nbd7 9. Bb2 e6 10. Re1 Qe7 11. e4 e5 12. Nd5 Nxd5 13. exd5 f6 14. Qc2 Rae8 15. dxe5 fxe5 16. Nd4 Nc5 17. b4 Qd8 18. bxc5 exd4 19. c6 Bc8 20. Qd2 Qf6 21. Rxe8 Rxe8 22. Rd1 Bg4 23. Bxd4 Qxd4 24. Qxd4 Bxd4 25. Rxd4 Re1+ 26. Bf1 Bh3 0-1

[Event "Atlantico Region-ch Amateur"]
[Site "Baranoa"]
[Date "2017.02.11"]
[Round "3.1"]
[White "Gonzalez Parejo, Ramon Junior"]
[Black "Kostov, Alex"]
[Result "1-0"]
[WhiteElo "2133"]
[BlackElo "2071"]
[PlyCount "35"]
[EventDate "2017.02.11"]
[EventType "swiss"]
[EventRounds "5"]
[EventCountry "COL"]
[SourceTitle "EXT 2024"]
[Source "ChessBase"]
[SourceDate "2023.10.10"]
[SourceVersion "1"]
[SourceVersionDate "2023.10.10"]
[SourceQuality "1"]

1. e4 c5 2. Nf3 d6 3. c3 Nc6 4. d4 cxd4 5. cxd4 Nf6 6. Nc3 g6 7. d5 Nb8 8. Nd4 Bg7 9. Be2 0-0 10. 0-0 a6 11. Be3 b5 12. Rc1 Bb7 13. f3 Nbd7 14. a4 b4 15. Nb1 Nc5 16. Nd2 Qd7 17. a5 Rfc8 18. Nc4 1-0

[Event "Maicao op 3rd"]
[Site "Maicao"]
[Date "2014.05.04"]
[Round "7"]
[White "Elias Alvarez, Alfonso Jose"]
[Black "Kostov, Alex"]
[Result "1-0"]
[WhiteElo "2040"]
[BlackElo "2068"]
[PlyCount "57"]
[EventDate "2014.05.01"]
[EventType "swiss"]
[EventRounds "7"]
[EventCountry "COL"]
[SourceTitle "CBM 160 Extra"]
[Source "ChessBase"]
[SourceDate "2014.07.01"]
[SourceVersion "1"]
[SourceVersionDate "2014.07.01"]
[SourceQuality "1"]

1. d4 Nf6 2. c4 e6 3. Nc3 Bb4 4. Qc2 b6 5. a3 Bxc3+ 6. Qxc3 Bb7 7. Nf3 0-0 8. Bg5 h6 9. Bh4 d6 10. e3 Qe7 11. Be2 Nbd7 12. Rd1 Rfe8 13. 0-0 Ne4 14. Qc2 g5 15. Bg3 f5 16. Nd2 Ndf6 17. Nxe4 Bxe4 18. Qc3 e5 19. dxe5 dxe5 20. f3 f4 21. Be1 Bg6 22. e4 Bf7 23. c5 Rad8 24. Bf2 Nd7 25. Bb5 Kg7 26. cxb6 cxb6 27. Qc7 Be6 28. Qxa7 Ra8 29. Qc7 1-0

[Event "Maicao op 3rd"]
[Site "Maicao"]
[Date "2014.05.02"]
[Round "3"]
[White "Mendoza, Rafael Enrique"]
[Black "Kostov, Alex"]
[Result "1/2-1/2"]
[WhiteElo "2328"]
[BlackElo "2068"]
[PlyCount "42"]
[EventDate "2014.05.01"]
[EventType "swiss"]
[EventRounds "7"]
[EventCountry "COL"]
[SourceTitle "CBM 160 Extra"]
[Source "ChessBase"]
[SourceDate "2014.07.01"]
[SourceVersion "1"]
[SourceVersionDate "2014.07.01"]
[SourceQuality "1"]

1. e4 e5 2. Nf3 Nc6 3. Bb5 a6 4. Ba4 Nf6 5. d3 b5 6. Bb3 Be7 7. a3 d6 8. 0-0 0-0 9. Nbd2 Na5 10. Ba2 c5 11. Re1 Qc7 12. Nf1 Nc6 13. Bg5 Ne8 14. Ne3 Bxg5 15. Nxg5 Nf6 16. c3 h6 17. Nf3 Re8 18. Nh4 Ne7 19. Qf3 Bd7 20. h3 Qc8 21. Rad1 Be6 1/2-1/2

[Event "La Candelaria Cup"]
[Site "Complejo de Raquetas"]
[Date "2013.02.02"]
[Round "5"]
[White "Paba, Alvaro Jose"]
[Black "Kostov, Alex"]
[Result "1/2-1/2"]
[WhiteElo "2135"]
[BlackElo "2068"]
[PlyCount "91"]
[EventDate "2013.01.30"]
[EventType "swiss"]
[EventRounds "7"]
[EventCountry "COL"]
[SourceTitle "CBM 152 Extra"]
[Source "ChessBase"]
[SourceDate "2013.02.25"]
[SourceVersion "1"]
[SourceVersionDate "2013.02.25"]
[SourceQuality "1"]

1. d4 Nf6 2. c4 e6 3. Nf3 b6 4. a3 Bb7 5. Nc3 d6 6. d5 e5 7. e4 g6 8. Be2 Bg7 9. 0-0 0-0 10. Ne1 Nbd7 11. b4 a5 12. Rb1 Qe7 13. Be3 axb4 14. axb4 Ne8 15. Nd3 f5 16. f3 Nef6 17. c5 bxc5 18. bxc5 Ba6 19. c6 fxe4 20. fxe4 Bxd3 21. Qxd3 Nc5 22. Qc4 Rf7 23. Ra1 Rxa1 24. Rxa1 Bf8 25. Ra7 Ne8 26. Ra8 Kg7 27. Nd1 Nf6 28. Nf2 h5 29. Bg5 Kh7 30. Bf3 Bh6 31. Nh3 Rf8 32. Qa2 Bxg5 33. Nxg5+ Kg7 34. Qa7 Rxa8 35. Qxa8 Nxd5 36. h4 Nf4 37. Qc8 Nfe6 38. Nxe6+ Nxe6 39. Be2 Nf4 40. Bc4 Qxh4 41. Qxc7+ Kh6 42. Qxd6 Qe1+ 43. Kh2 Qh4+ 44. Kg1 Qe1+ 45. Kh2 Qh4+ 46. Kg1 1/2-1/2

[Event "Cesar Cup 3rd"]
[Site "Valledupar"]
[Date "2012.10.20"]
[Round "3"]
[White "Castaneda, Jorge Luis"]
[Black "Kostov, Alex"]
[Result "0-1"]
[WhiteElo "2182"]
[BlackElo "2080"]
[PlyCount "34"]
[EventDate "2012.10.20"]
[EventType "swiss"]
[EventRounds "6"]
[EventCountry "COL"]
[SourceTitle "EXT 2015"]
[Source "ChessBase"]
[SourceDate "2014.11.20"]
[SourceVersion "1"]
[SourceVersionDate "2014.11.20"]
[SourceQuality "1"]

1. d4 Nf6 2. Nf3 b6 3. e3 Bb7 4. Bd3 d6 5. 0-0 Nbd7 6. c3 g6 7. Re1 Bg7 8. e4 e5 9. Nbd2 0-0 10. Nf1 Re8 11. Ng3 Re7 12. d5 Qf8 13. Bg5 Bh6 14. b4 a5 15. a3 Bxg5 16. Nxg5 Qh6 17. Nf3 Nh5 0-1

[Event "Bogota op 10"]
[Site "Bogota"]
[Date "2012.10.12"]
[Round "2"]
[White "Zapata, Alonso"]
[Black "Kostov, Alex"]
[Result "1-0"]
[WhiteElo "2467"]
[BlackElo "2080"]
[PlyCount "37"]
[EventDate "2012.10.11"]
[EventType "swiss"]
[EventRounds "9"]
[EventCountry "COL"]
[SourceTitle "EXT 2013"]
[Source "ChessBase"]
[SourceDate "2012.11.22"]
[SourceVersion "1"]
[SourceVersionDate "2012.11.22"]
[SourceQuality "1"]

1. e4 e5 2. Nf3 Nc6 3. Bb5 a6 4. Ba4 Nf6 5. d4 exd4 6. 0-0 Be7 7. Re1 0-0 8. e5 Ne8 9. Bf4 d6 10. Bxc6 bxc6 11. Nxd4 Qd7 12. Nc3 d5 13. Bg3 g6 14. Qf3 Ng7 15. Nxc6 Qxc6 16. Nxd5 Kh8 17. Nxe7 Qxf3 18. gxf3 Bb7 19. Bh4 1-0

[Event "Latin Cup-A 3rd"]
[Site "Cali"]
[Date "2012.10.07"]
[Round "6"]
[White "Sanchez, Victor Hugo"]
[Black "Kostov, Alex"]
[Result "1-0"]
[WhiteElo "2235"]
[BlackElo "2080"]
[PlyCount "39"]
[EventDate "2012.10.04"]
[EventType "swiss"]
[EventRounds "9"]
[EventCountry "COL"]
[SourceTitle "CBM 150 Extra"]
[Source "ChessBase"]
[SourceDate "2012.10.19"]
[SourceVersion "1"]
[SourceVersionDate "2012.10.19"]
[SourceQuality "1"]

1. e4 e5 2. Nf3 Nc6 3. Bb5 a6 4. Ba4 Nf6 5. 0-0 Be7 6. d4 exd4 7. Re1 0-0 8. e5 Nd5 9. Nxd4 Nxd4 10. Qxd4 Nb6 11. Bb3 c5 12. Qe4 d5 13. exd6 Bxd6 14. Bf4 Bxf4 15. Qxf4 Bd7 16. Nd2 Bc6 17. Rad1 Nd5 18. Qg3 Nf6 19. Nc4 Qb8 20. Ne5 1-0

[Event "Medellin IRT op"]
[Site "Medellin"]
[Date "2012.08.04"]
[Round "3"]
[White "Munoz Monroy, Cinthya Carolina"]
[Black "Kostov, Alex"]
[Result "0-1"]
[WhiteElo "1831"]
[BlackElo "2084"]
[PlyCount "54"]
[EventDate "2012.08.03"]
[EventType "swiss"]
[EventRounds "9"]
[EventCountry "COL"]
[SourceTitle "CBM 149 Extra"]
[Source "ChessBase"]
[SourceDate "2012.08.24"]
[SourceVersion "1"]
[SourceVersionDate "2012.08.24"]
[SourceQuality "1"]

1. e4 e5 2. Nf3 Nc6 3. d4 exd4 4. Bc4 Bc5 5. c3 d3 6. Qxd3 d6 7. 0-0 Qe7 8. Bf4 Nf6 9. Re1 Ng4 10. Bg3 Nge5 11. Nxe5 Nxe5 12. Bxe5 dxe5 13. Qg3 0-0 14. Nd2 Re8 15. Nf3 Qf6 16. Rad1 Be6 17. Qxe5 Bxf2+ 18. Kxf2 Bxc4 19. Qxc7 Bxa2 20. Qxb7 Reb8 21. Qc7 Rxb2+ 22. Kg1 h6 23. Rd6 Be6 24. Rf1 a5 25. Rf2 Rb1+ 26. Rf1 Rxf1+ 27. Kxf1 Bc4+ 0-1

[Event "Cartagena IRT op 4th"]
[Site "Cartagena"]
[Date "2012.06.18"]
[Round "8"]
[White "Pazos Gambarrotti, Plinio Efrain"]
[Black "Kostov, Alex"]
[Result "1-0"]
[WhiteElo "2248"]
[BlackElo "2080"]
[PlyCount "105"]
[EventDate "2012.06.14"]
[EventType "swiss"]
[EventRounds "9"]
[EventCountry "COL"]
[SourceTitle "CBM 148 Extra"]
[Source "ChessBase"]
[SourceDate "2012.06.22"]
[SourceVersion "1"]
[SourceVersionDate "2012.06.22"]
[SourceQuality "1"]

1. d4 Nf6 2. Nf3 e6 3. c4 b6 4. a3 Bb7 5. Nc3 d6 6. d5 e5 7. e4 g6 8. Bd3 Bg7 9. 0-0 0-0 10. b4 Nbd7 11. Rb1 a5 12. h3 Qe7 13. Be3 Nh5 14. Nd2 Nf4 15. Bc2 f5 16. Nb5 axb4 17. axb4 c6 18. dxc6 Bxc6 19. Bxf4 exf4 20. exf5 Ne5 21. Nd4 Bb7 22. Be4 Bxe4 23. Nxe4 Nxc4 24. f6 Bxf6 25. Nxf6+ Qxf6 26. Rb3 Ra2 27. Nf3 Ne5 28. b5 Rfa8 29. Rb1 Nxf3+ 30. Qxf3 Ra1 31. Qd5+ Kf8 32. Rbd1 R8a5 33. Qb7 Rxd1 34. Rxd1 Ra1 35. Rxa1 Qxa1+ 36. Kh2 Qd4 37. Qxh7 f3 38. Qxg6 fxg2 39. Qf5+ Ke7 40. Kxg2 Qg7+ 41. Kf3 Qc3+ 42. Kg4 Qc4+ 43. Kg5 d5 44. Qf6+ Kd7 45. Qxb6 Qc1+ 46. f4 Qc3 47. Qc6+ Qxc6 48. bxc6+ Kxc6 49. Kg4 Kc5 50. Kf3 Kd6 51. h4 Ke6 52. Ke3 Kf5 53. h5 1-0

[Event "Cartagena IRT op 4th"]
[Site "Cartagena"]
[Date "2012.06.17"]
[Round "7"]
[White "Kostov, Alex"]
[Black "Posada Zuluaga, Juan Manuel"]
[Result "1-0"]
[WhiteElo "2080"]
[BlackElo "2012"]
[PlyCount "75"]
[EventDate "2012.06.14"]
[EventType "swiss"]
[EventRounds "9"]
[EventCountry "COL"]
[SourceTitle "CBM 148 Extra"]
[Source "ChessBase"]
[SourceDate "2012.06.22"]
[SourceVersion "1"]
[SourceVersionDate "2012.06.22"]
[SourceQuality "1"]

1. e4 c5 2. c3 Nf6 3. e5 Nd5 4. Nf3 e6 5. Bc4 Nb6 6. Bb3 d5 7. exd6 Qxd6 8. d4 cxd4 9. Qxd4 Nc6 10. Qxd6 Bxd6 11. Nbd2 0-0 12. Nc4 Nxc4 13. Bxc4 b6 14. Be3 Bb7 15. 0-0-0 Rfd8 16. Rd2 Na5 17. Be2 Kf8 18. Rhd1 Ke7 19. g3 Bd5 20. b4 Nc4 21. Bxc4 Bxf3 22. Re1 Rac8 23. Bg5+ Kd7 24. Bb5+ Kc7 25. Bxd8+ Rxd8 26. Re3 Bb7 27. Red3 Be4 28. Rd4 Bg6 29. f4 f6 30. Rc4+ Kb7 31. Rc6 Bc7 32. Rxd8 Bxd8 33. Rxe6 a6 34. Be2 Bf7 35. Rd6 Kc7 36. Rd2 b5 37. c4 bxc4 38. Bxc4 1-0

[Event "Barranquilla op 12"]
[Site "Barranquilla"]
[Date "2011.12.29"]
[Round "4"]
[White "Kostov, Alex"]
[Black "Barrios, Aldair"]
[Result "1-0"]
[WhiteElo "2059"]
[BlackElo "1906"]
[PlyCount "65"]
[EventDate "2011.12.28"]
[EventType "swiss"]
[EventRounds "7"]
[EventCountry "COL"]
[SourceTitle "CBM 146 Extra"]
[Source "ChessBase"]
[SourceDate "2012.02.29"]
[SourceVersion "1"]
[SourceVersionDate "2012.02.29"]
[SourceQuality "1"]

1. e4 Nf6 2. e5 Nd5 3. d4 d6 4. c4 Nb6 5. exd6 cxd6 6. Be3 g6 7. Nc3 Bg7 8. b3 0-0 9. Rc1 Qc7 10. Be2 Bd7 11. Nf3 a5 12. 0-0 f5 13. c5 Nc8 14. Qd2 Be6 15. Ng5 Bf7 16. Nxf7 Kxf7 17. Rfe1 Rd8 18. Nd5 Qc6 19. cxd6 Qxd6 20. Nc7 Nb6 21. Nxa8 Nxa8 22. Qxa5 Nc6 23. Qb5 Nxd4 24. Bc4+ Kf8 25. Qxb7 Nb6 26. Bxd4 Bxd4 27. Be6 Be5 28. Rxe5 Qxe5 29. Qxb6 Rd6 30. Qb8+ Kg7 31. Qg8+ Kh6 32. Bc4 Rd2 33. Qe6 1-0

[Event "Cartagena Iderbol Cup"]
[Site "Cartagena"]
[Date "2011.12.27"]
[Round "3.9"]
[White "Maldonado Barrera, Lina Eulalia"]
[Black "Kostov, Alex"]
[Result "0-1"]
[WhiteElo "1787"]
[BlackElo "2059"]
[PlyCount "68"]
[EventDate "2011.12.26"]
[EventType "swiss"]
[EventRounds "7"]
[EventCountry "COL"]
[SourceTitle "EXT 2024"]
[Source "ChessBase"]
[SourceDate "2023.10.10"]
[SourceVersion "1"]
[SourceVersionDate "2023.10.10"]
[SourceQuality "1"]

1. Nf3 Nf6 2. g3 b6 3. Bg2 Bb7 4. 0-0 g6 5. d4 Bg7 6. c4 0-0 7. Nc3 d6 8. b3 Nbd7 9. Re1 Re8 10. Bb2 Ne4 11. Qc2 Nxc3 12. Bxc3 e5 13. e4 Qe7 14. Rad1 Qf8 15. Bh3 Rad8 16. d5 Bc8 17. Qe2 Nf6 18. Qf1 Nh5 19. Nh4 Bf6 20. Nf3 h6 21. Bd2 Kh7 22. Kh1 Qe7 23. Bxc8 Rxc8 24. Qg2 Qd7 25. h4 Bg7 26. Kh2 Rf8 27. Qh3 f5 28. Bc1 Rf7 29. Nd2 Rcf8 30. Re2 Nf6 31. Rf1 Ng4+ 32. Kg2 f4 33. gxf4 exf4 34. Qf3 Ne5 0-1

[Event "Monteria op"]
[Site "Monteria"]
[Date "2011.11.13"]
[Round "4"]
[White "Ruge, Edison"]
[Black "Kostov, Alex"]
[Result "0-1"]
[WhiteElo "2264"]
[BlackElo "2059"]
[PlyCount "74"]
[EventDate "2011.11.12"]
[EventType "swiss"]
[EventRounds "7"]
[EventCountry "COL"]
[SourceTitle "EXT 2012"]
[Source "ChessBase"]
[SourceDate "2011.11.24"]
[SourceVersion "1"]
[SourceVersionDate "2011.11.24"]
[SourceQuality "1"]

1. e4 e5 2. Nf3 Nc6 3. Bb5 a6 4. Ba4 Nf6 5. Qe2 Bc5 6. 0-0 0-0 7. d3 b5 8. Bb3 d6 9. h3 Ne7 10. Nh4 h6 11. Be3 g5 12. Bxc5 dxc5 13. Qf3 Qd6 14. Nf5 Bxf5 15. exf5 e4 16. Qd1 Nxf5 17. dxe4 Nxe4 18. Qf3 Qe5 19. c3 Nh4 20. Qh5 Qf6 21. Qg4 Rae8 22. Na3 Qc6 23. f4 Nf6 24. Qg3 Re3 25. Qf2 Rfe8 26. Bd1 Rd3 27. fxg5 hxg5 28. Nc2 Qd5 29. Nd4 Ne4 30. Qe1 Nd6 31. Qf2 cxd4 32. Bb3 Nc4 33. Rad1 Rxd1 34. Rxd1 d3 35. Qg3 d2 36. Kf1 c5 37. Qf2 Ne3+ 0-1